书目信息 |
| 题名: |
生态新加坡
|
|
| 作者: | 程序 著 | |
| 分册: | ||
| 出版信息: | 北京 中国建筑工业出版社 2012 |
|
| 页数: | 10,111页 | |
| 开本: | 26cm | |
| 丛书名: | ||
| 单 册: | ||
| 中图分类: | D733.969 | |
| 科图分类: | ||
| 主题词: | 社会发展--研究--新加坡 , 城市建设--研究--新加坡 | |
| 电子资源: | ||
| ISBN: | 978-7-112-14714-4 | |
| 000 | 00919nam0 2200253 450 | |
| 001 | 0100004421 | |
| 005 | 20191031123512.35 | |
| 010 | @a978-7-112-14714-4@b精装@dCNY78.00 | |
| 100 | @a20130106d2012 em y0chiy50 ea | |
| 101 | 0 | @achi |
| 102 | @aCN@b110000 | |
| 105 | @aa z 000yy | |
| 200 | 1 | @a生态新加坡@f程序著@Asheng tai xin jia po |
| 210 | @a北京@c中国建筑工业出版社@d2012 | |
| 215 | @a10,111页@c照片@d26cm | |
| 312 | @a封面英文题名:Ecological-Singapore health intelligent | |
| 330 | @a本书介绍了新加坡在社会发展和城市建设方面所取得的成就和经验,内容涵盖新加坡的历史与文化、生态文明建设、智能化的应用、生态廊道建设等各领域。 | |
| 510 | 1 | @aEcological-Singapore health intelligent@zeng |
| 606 | 0 | @a社会发展@x研究@y新加坡 |
| 606 | 0 | @a城市建设@x研究@y新加坡 |
| 690 | @aD733.969@v5 | |
| 701 | 0 | @a程序@c(城市设计)@4著@Acheng xu |
| 801 | 0 | @aCN@c20160915 |
| 905 | @a河南城建学院图书馆@dD733.969@eC778 | |
| 生态新加坡/程序著.-北京:中国建筑工业出版社,2012 |
| 10,111页:照片;26cm |
| ISBN 978-7-112-14714-4(精装):CNY78.00 |
| 本书介绍了新加坡在社会发展和城市建设方面所取得的成就和经验,内容涵盖新加坡的历史与文化、生态文明建设、智能化的应用、生态廊道建设等各领域。 |
| ● |
| 相关链接 |
|
|
|
正题名:生态新加坡
索取号:D733.969/C778
 
预约/预借
| 序号 | 登录号 | 条形码 | 馆藏地/架位号 | 状态 | 备注 |
| 1 | 1286964 | 212869644 | 社科库509/509社科库 77排8列2层/ [索取号:D733.969/C778] | 在馆 | |
| 2 | 1286965 | 212869653 | 社科库509/509社科库 77排8列2层/ [索取号:D733.969/C778] | 在馆 | |
| 3 | 1286966 | 212869662 | 社科库509/509社科库 77排8列2层/ [索取号:D733.969/C778] | 在馆 | |
| 4 | 1448062 | 214480621 | 社科库509/509社科库 77排8列2层/ [索取号:D733.969/C778] | 在馆 | |
| 5 | 1448063 | 214480630 | 社科库509/509社科库 77排8列2层/ [索取号:D733.969/C778] | 在馆 | |
| 6 | 1448064 | 214480649 | 社科库509/509社科库 77排8列2层/ [索取号:D733.969/C778] | 在馆 |